Statistics for Top NBA Scorers Who Haven't Won a Championship

Click here to take the quiz!

General Stats

  • This quiz has been taken 280 times
  • The average score is 5 of 15

Answer Stats

Points Player % Correct
36,928Karl Malone
92%
23,757Charles Barkley
64%
24,368Allen Iverson
60%
24,815Patrick Ewing
53%
21,950Carmelo Anthony
46%
23,719Vince Carter
40%
25,279Reggie Miller
39%
26,668Dominique Wilkins
37%
23,149Elgin Baylor
35%
25,613Alex English
29%
20,708George Gervin
24%
23,177Adrian Dantley
17%
20,049Tom Chambers
6%
20,941Walt Bellamy
3%
20,042Antawn Jamison
3%

Score Distribution

Percentile by Number Answered

Percent of People with Each Score

Your Score History

You have not taken this quiz